000 00655nam a2200217Ia 4500
001 19005
003 GE_BSU
008 181216s||||||||xx |||||||||||||| ||und||
040 _cGE_BSU
245 _aГеография и природные ресурсы.№3. 2016
245 _cГл. ред. В.М.Плюснин. (ред.колл.)
250 _aнаучный журнал
260 _aМосква
260 _bГео
260 _c2016
300 _a202стр.28см.
653 _aГеография и природные ресурсы. №3. 2016
653 _aПериодика
653 _aპერიოდიკა
942 _cCR
999 _c52001
_d52001